| 000 | 00424nab a2200145Ia 4500 | ||
|---|---|---|---|
| 003 | ES-SlBCS | ||
| 005 | 20210601134622.0 | ||
| 008 | 140529s1984 xxu||||| |||| 00| 0 spa d | ||
| 041 | _aspa | ||
| 100 | 1 |
_aRegueiro, Ramón _9220485 |
|
| 245 | 0 | 0 |
_aDiálogo educativo con pre-adolescentes _c Ramón Regueiro |
| 650 | 0 | 4 |
_aPreadolescente _9220486 |
| 773 | 0 |
_tAnthropos _gvol. 5, nº. 9, 1984, págs. 103-116 _wRev38 |
|
| 942 | _cAR | ||
| 999 |
_c615369 _d615369 |
||